000 00702nam a2200253Ia 4500
003 OSt
005 20220918163435.0
006 a|||||r|||| 00| 0
007 ta
008 220917b |||||||| |||| 00| 0 eng d
020 _a0 85527 612 6
024 _a31,425
037 _cTextual
040 _aARTS
_cARTS
_beng
041 _2eng
_aeng
082 _aO111,3M82,UL:g, L8
100 _aMaddox James H.
_913189
245 0 _aJoyce's Ulysses and the assult upon character
260 _aSussex
_bHarvester Press UK
_c1978
300 _axi,244p.
_ccm.
650 _aENGLISH LITERATURE
942 _hO111,3M82,UL:g, L8
_cTEXL
_2CC
999 _c119636
_d119636